000 00467nam a2200169 a 4500
001 36317
005 20180714004837.0
008 140415s1970 000 0 spa d
041 _aspa
082 _a515.35
_bKEL
100 1 _aKELLS, LYMAN M.
245 1 0 _aECUACIONES DIFERENCIALES ELEMENTALES
260 _a[s.l.] :
_bMCGRAW HILL DE MEXICO,
_c1970
300 _a321
650 1 4 _aECUACIONES DE DIFERENCIA
700 1 _aGOMEZ DE RIOS, TOMAS
_etr.
999 _c36317
_d36317